UK Town Name Origins Quiz Stats

 Plays Quiz not verified by Sporcle

Score 0/50 Timer 10:00
0 Plays Today
% Correct
Huddersfield
89.7%
Blackpool
88.2%
Telford
88.2%
Torquay
87.1%
Cheltenham
86.8%
Rotherham
86.8%
Reading
86.4%
Bedford
86%
Solihull
86%
Doncaster
84.9%
Hastings
84.6%
Southport
84.6%
Dudley
84.2%
Maidstone
84.2%
Southend-on-Sea
82.4%
West Bromwich
80.5%
Woking
80.5%
Birkenhead
77.2%
Northampton
75.7%
Slough
75.4%
Blackburn
75%
Middlesbrough
74.6%
Poole
74.3%
Watford
72.1%
Basingstoke
71.3%
% Correct
Gateshead
71%
Crawley
69.5%
Sutton Coldfield
66.5%
Nuneaton
65.8%
Bournemouth
65.1%
Worthing
64.3%
Mansfield
63.2%
Oldham
58.5%
Darlington
58.1%
Warrington
54.4%
Sale
52.6%
Luton
51.1%
Eastbourne
48.5%
Milton Keynes
48.2%
Falkirk
47.8%
Swindon
45.2%
Walsall
43.4%
Chesterfield
40.8%
Ipswich
33.1%
Basildon
21.7%
Stockport
11.4%
Bolton
10.3%
High Wycombe
7%
Stockton-on-Tees
6.6%
Rochdale
4.8%

You're not logged in!

Compare scores with friends on all Sporcle quizzes.
OR
Log In

Sporcle TV

Today on Sporcle TV


Watch our educational content, quiz creation guides, and fun videos on Sporcle TV.

Show Comments

Extras

Top Quizzes Today


Score Distribution

Your Account Isn't Verified!

In order to create a playlist on Sporcle, you need to verify the email address you used during registration. Go to your Sporcle Settings to finish the process.

Report this User

Report this user for behavior that violates our Community Guidelines.

Details: